| 000 | 00647nam a2200193 i 4500 | ||
|---|---|---|---|
| 001 | 185728 | ||
| 003 | SpMaBN | ||
| 005 | 20230906222514.0 | ||
| 008 | 160804s1977 sp |||| | spa d | ||
| 020 | _a84-600-0910-6 | ||
| 080 | _a378.662.2(460.27 M.)(045) | ||
| 110 | 2 |
_aEscuela Técnica Superior de Ingenieros de Minas. _97439 |
|
| 245 | 1 | 0 |
_aCentenario de la Escuela de Minas de España _b: 1777-1877. |
| 250 | _a2ª ed. | ||
| 260 |
_aMadrid : _bE.T.S.I.M., _c1977. |
||
| 300 |
_aVIII, 300, 28 p. ; _c24 cm. |
||
| 610 | 2 |
_aEscuela Técnica Superior de Ingenieros de Minas- _vAniversarios y centenarios. _97440 |
|
| 852 |
_aES-MaACL _jL-30510 |
||
| 999 |
_c185728 _d185728 |
||